<?xml version="1.0" encoding="UTF-8"?>
<record
    xmlns:xsi="http://www.w3.org/2001/XMLSchema-instance"
    xsi:schemaLocation="http://www.loc.gov/MARC21/slim http://www.loc.gov/standards/marcxml/schema/MARC21slim.xsd"
    xmlns="http://www.loc.gov/MARC21/slim">

  <leader>01740nam0a2200301   4500</leader>
  <controlfield tag="001">RU\NLR\bibl\1515578</controlfield>
  <controlfield tag="005">20260408193641.0</controlfield>
  <datafield tag="021" ind1=" " ind2=" ">
    <subfield code="a">RU</subfield>
    <subfield code="b">2010-29162</subfield>
    <subfield code="9">1960</subfield>
  </datafield>
  <datafield tag="035" ind1=" " ind2=" ">
    <subfield code="a">(NLR Aleph) 001506957</subfield>
  </datafield>
  <datafield tag="090" ind1=" " ind2=" ">
    <subfield code="a">56029</subfield>
    <subfield code="c">56029</subfield>
  </datafield>
  <datafield tag="100" ind1=" " ind2=" ">
    <subfield code="a">20100526d2010    u  y0rusy50      ca</subfield>
  </datafield>
  <datafield tag="101" ind1="0" ind2=" ">
    <subfield code="a">rus</subfield>
  </datafield>
  <datafield tag="102" ind1=" " ind2=" ">
    <subfield code="a">RU</subfield>
  </datafield>
  <datafield tag="105" ind1=" " ind2=" ">
    <subfield code="a">a   |||||||||</subfield>
  </datafield>
  <datafield tag="200" ind1="1" ind2=" ">
    <subfield code="a">&#x41F;&#x440;&#x435;&#x434;&#x435;&#x43B;&#x44B;</subfield>
    <subfield code="e">&#x443;&#x447;&#x435;&#x431;&#x43D;&#x43E;-&#x43C;&#x435;&#x442;&#x43E;&#x434;&#x438;&#x447;&#x435;&#x441;&#x43A;&#x43E;&#x435; &#x43F;&#x43E;&#x441;&#x43E;&#x431;&#x438;&#x435; &#x434;&#x43B;&#x44F; &#x441;&#x442;&#x443;&#x434;&#x435;&#x43D;&#x442;&#x43E;&#x432; &#x43E;&#x447;&#x43D;&#x43E;&#x439;, &#x437;&#x430;&#x43E;&#x447;&#x43D;&#x43E;&#x439; &#x438; &#x434;&#x438;&#x441;&#x442;&#x430;&#x43D;&#x446;&#x438;&#x43E;&#x43D;&#x43D;&#x43E;&#x439; &#x444;&#x43E;&#x440;&#x43C; &#x43E;&#x431;&#x443;&#x447;&#x435;&#x43D;&#x438;&#x44F; &#x432;&#x441;&#x435;&#x445; &#x441;&#x43F;&#x435;&#x446;&#x438;&#x430;&#x43B;&#x44C;&#x43D;&#x43E;&#x441;&#x442;&#x435;&#x439;</subfield>
    <subfield code="f">&#x424;&#x435;&#x434;&#x435;&#x440;. &#x430;&#x433;&#x435;&#x43D;&#x442;&#x441;&#x442;&#x432;&#x43E; &#x43F;&#x43E; &#x43E;&#x431;&#x440;&#x430;&#x437;&#x43E;&#x432;&#x430;&#x43D;&#x438;&#x44E;, &#x413;&#x43E;&#x441;. &#x43E;&#x431;&#x440;&#x430;&#x437;&#x43E;&#x432;&#x430;&#x442;. &#x443;&#x447;&#x440;&#x435;&#x436;&#x434;&#x435;&#x43D;&#x438;&#x435; &#x432;&#x44B;&#x441;&#x448;. &#x43F;&#x440;&#x43E;&#x444;. &#x43E;&#x431;&#x440;&#x430;&#x437;&#x43E;&#x432;&#x430;&#x43D;&#x438;&#x44F; "&#x42E;&#x436;.-&#x420;&#x43E;&#x441;. &#x433;&#x43E;&#x441;. &#x443;&#x43D;-&#x442; &#x44D;&#x43A;&#x43E;&#x43D;&#x43E;&#x43C;&#x438;&#x43A;&#x438; &#x438; &#x441;&#x435;&#x440;&#x432;&#x438;&#x441;&#x430;" (&#x413;&#x41E;&#x423; &#x412;&#x41F;&#x41E; "&#x42E;&#x420;&#x413;&#x423;&#x42D;&#x421;"</subfield>
    <subfield code="g">[&#x441;&#x43E;&#x441;&#x442;.: &#x43A;. &#x444;.-&#x43C;. &#x43D;., &#x434;&#x43E;&#x446;. &#x410;.&#x411;. &#x41C;&#x438;&#x445;&#x430;&#x439;&#x43B;&#x43E;&#x432; &#x438; &#x434;&#x440;.]</subfield>
  </datafield>
  <datafield tag="210" ind1=" " ind2=" ">
    <subfield code="a">&#x428;&#x430;&#x445;&#x442;&#x44B;</subfield>
    <subfield code="c">&#x413;&#x41E;&#x423; &#x412;&#x41F;&#x41E; "&#x42E;&#x420;&#x413;&#x423;&#x42D;&#x421;"</subfield>
    <subfield code="d">2010</subfield>
  </datafield>
  <datafield tag="215" ind1=" " ind2=" ">
    <subfield code="a">28 &#x441;.</subfield>
    <subfield code="c">&#x433;&#x440;&#x430;&#x444;.</subfield>
    <subfield code="d">21</subfield>
  </datafield>
  <datafield tag="320" ind1=" " ind2=" ">
    <subfield code="a">&#x411;&#x438;&#x431;&#x43B;&#x438;&#x43E;&#x433;&#x440;.: &#x441;. 28 (9 &#x43D;&#x430;&#x437;&#x432;.)</subfield>
  </datafield>
  <datafield tag="606" ind1=" " ind2=" ">
    <subfield code="a">&#x41F;&#x440;&#x435;&#x434;&#x435;&#x43B;&#x44B; (&#x43C;&#x430;&#x442;.)</subfield>
    <subfield code="j">&#x423;&#x447;&#x435;&#x431;&#x43D;&#x43E;-&#x43C;&#x435;&#x442;&#x43E;&#x434;&#x438;&#x447;&#x435;&#x441;&#x43A;&#x438;&#x435; &#x43F;&#x43E;&#x441;&#x43E;&#x431;&#x438;&#x44F; &#x434;&#x43B;&#x44F; &#x432;&#x44B;&#x441;&#x448;&#x438;&#x445; &#x443;&#x447;&#x435;&#x431;&#x43D;&#x44B;&#x445; &#x437;&#x430;&#x432;&#x435;&#x434;&#x435;&#x43D;&#x438;&#x439;</subfield>
    <subfield code="3">RU\NLR\auth\661337928</subfield>
    <subfield code="9">2228931</subfield>
  </datafield>
  <datafield tag="686" ind1=" " ind2=" ">
    <subfield code="a">&#x412;161.12&#x44F;73-1</subfield>
  </datafield>
  <datafield tag="702" ind1=" " ind2="1">
    <subfield code="4">220</subfield>
    <subfield code="8">rus</subfield>
    <subfield code="7">ca</subfield>
    <subfield code="a">&#x41C;&#x438;&#x445;&#x430;&#x439;&#x43B;&#x43E;&#x432;</subfield>
    <subfield code="b">&#x410;. &#x411;.</subfield>
    <subfield code="c">&#x43A;&#x430;&#x43D;&#x434;. &#x444;&#x438;&#x437;.-&#x43C;&#x430;&#x442;. &#x43D;&#x430;&#x443;&#x43A;</subfield>
    <subfield code="g">&#x410;&#x43D;&#x434;&#x440;&#x435;&#x439; &#x411;&#x43E;&#x440;&#x438;&#x441;&#x43E;&#x432;&#x438;&#x447;</subfield>
    <subfield code="3">RU\NLR\auth\7738280</subfield>
    <subfield code="9">21264</subfield>
  </datafield>
  <datafield tag="712" ind1="0" ind2="2">
    <subfield code="4">570</subfield>
    <subfield code="a">&#x42E;&#x436;&#x43D;&#x43E;-&#x420;&#x43E;&#x441;&#x441;&#x438;&#x439;&#x441;&#x43A;&#x438;&#x439; &#x433;&#x43E;&#x441;&#x443;&#x434;&#x430;&#x440;&#x441;&#x442;&#x432;&#x435;&#x43D;&#x43D;&#x44B;&#x439; &#x443;&#x43D;&#x438;&#x432;&#x435;&#x440;&#x441;&#x438;&#x442;&#x435;&#x442; &#x44D;&#x43A;&#x43E;&#x43D;&#x43E;&#x43C;&#x438;&#x43A;&#x438; &#x438; &#x441;&#x435;&#x440;&#x432;&#x438;&#x441;&#x430;</subfield>
    <subfield code="c">&#x428;&#x430;&#x445;&#x442;&#x44B;</subfield>
    <subfield code="3">RU\NLR\AUTH\889918691</subfield>
    <subfield code="9">333515</subfield>
  </datafield>
  <datafield tag="801" ind1=" " ind2="0">
    <subfield code="a">RU</subfield>
    <subfield code="b">NLR</subfield>
    <subfield code="c">20100526</subfield>
    <subfield code="g">RCR</subfield>
  </datafield>
  <datafield tag="801" ind1=" " ind2="1">
    <subfield code="a">RU</subfield>
    <subfield code="b">NLR</subfield>
    <subfield code="c">20100526</subfield>
  </datafield>
  <datafield tag="942" ind1=" " ind2=" ">
    <subfield code="c">BOOK</subfield>
  </datafield>
  <datafield tag="980" ind1=" " ind2=" ">
    <subfield code="a">NB</subfield>
  </datafield>
  <datafield tag="980" ind1=" " ind2=" ">
    <subfield code="a">NBR</subfield>
  </datafield>
  <datafield tag="995" ind1=" " ind2=" ">
    <subfield code="5">2010-05-26</subfield>
    <subfield code="a">ad</subfield>
    <subfield code="b">NLR01</subfield>
    <subfield code="c">NLR01</subfield>
    <subfield code="e">RF8</subfield>
    <subfield code="f">3180562</subfield>
    <subfield code="k">2010-4/7772</subfield>
    <subfield code="o">0</subfield>
    <subfield code="r">BOOK</subfield>
    <subfield code="s">201047772_</subfield>
  </datafield>
  <datafield tag="995" ind1=" " ind2=" ">
    <subfield code="5">2010-05-26</subfield>
    <subfield code="a">ad</subfield>
    <subfield code="b">NLR01</subfield>
    <subfield code="c">NLR01</subfield>
    <subfield code="e">RF8</subfield>
    <subfield code="f">3180563</subfield>
    <subfield code="k">2010-4/7772</subfield>
    <subfield code="o">0</subfield>
    <subfield code="r">BOOK</subfield>
    <subfield code="s">201047772_</subfield>
  </datafield>
</record>
